00332 2200145 4500001002100000005001500021035002000036245003500056100001800091300001200109260003100121082000800152084001400160990001200174INLIS00000000000198020250527080945 a0010-05250002721 aKimia Kelas 2 /cMichael Purba0 aMichael Purba a158 hlm aJakarta :bErlangga,c2000 a540 a540 MIC k a0712735